000 002530000a22000970004500
100 1 _aRamírez, Eduardo M.
245 1 0 _aLiturgia : Evaluar es creer
300 _aVol. 3, Num 2 ( Junio de 1984), Páginas 79-81
773 0 _tIglesia y Misión
942 _cANA
999 _c51480
_d51480